Altitude-sudden death #4 - Statistics

General Stats
  • This quiz has been taken 65 times
  • The average score is 4 of 15
Answers on the Grid
Answers color-coded by a green-red scale on the quiz's grid according to % correct below.
Antarctica
Canada
Colombia
D.R.C.
Ethiopia
France
Ecuador
Georgia
Guatemala
Iran
Indonesia
Italy
Kenya
Malaysia
Mexico
Mongolia
Morocco
Myanmar
Papua new guinea
Russia
Rwanda
Switzerland
Tanzania
Turkey
Uzbekistan
Uganda
Venezuela
Tajikistan
Peru
Senegal
 
Answer Stats
Answer % Correct
Russia
47%
Tajikistan
41%
Canada
35%
Ecuador
35%
Myanmar
35%
Colombia
29%
Georgia
29%
Peru
29%
Tanzania
24%
Turkey
18%
Kenya
12%
Mexico
12%
D.R.C.
6%
Iran
6%
Uganda
0%
No matching quizzes found
Score Distribution
Percent of People with Each Score
Percentile by Number Answered
Your Score History
You have not taken this quiz